000 00672nam a2200229 a 4500
008
020 _a9780192622334 (pbk.)
049 _aMAIN
090 _aQP141
_bSAV
100 1 _aSavage King, Felicity.
245 1 0 _aNutrition for developing countries /
_cFelicity Savage King and Ann Burgess.
250 _a2nd ed.
260 _aOxford :
_bUniversity Press,
_c1993.
300 _axv, 461 p. :
_bill. ;
_c25 cm.
650 1 _aNutrition
_xDeveloping countries.
700 _aBurgess, Ann.
907 _a.b10263688
_b16-09-09
_c23-06-09
003
005 20230123124938.0
040 _cNUST
942 _cBOOKS
_kQP141
_mSAV
999 _c133030
_d133030